Central Library and Information Centre
Sibsagar Girls' College, Sivasagar : Assam

SOCIAL GEOGRAPHY (Record no. 9430)

MARC details
000 -LEADER
fixed length control field 00381cam a2200169ua 4500
008 - FIXED-LENGTH DATA ELEMENTS--GENERAL INFORMATION
fixed length control field 120104n1999 II |||gr||||Z||||||eng
040 ## - CATALOGING SOURCE
Original cataloging agency MAIN
041 ## - LANGUAGE CODE
-- English
082 ## - DEWEY DECIMAL CLASSIFICATION NUMBER
Classification number 910 AHM
100 ## - MAIN ENTRY--PERSONAL NAME
Personal name AHMED, AIJAZUDDIN.
245 ## - TITLE STATEMENT
Title SOCIAL GEOGRAPHY
260 ## - PUBLICATION, DISTRIBUTION, ETC.
Place of publication, distribution, etc. JAIPUR
Name of publisher, distributor, etc. RAWAT PUBLICATION
Date of publication, distribution, etc. 1999
300 ## - PHYSICAL DESCRIPTION
Extent 454.
942 ## - ADDED ENTRY ELEMENTS (KOHA)
Koha item type Books
653 ## - INDEX TERM--UNCONTROLLED
Uncontrolled term Geography & travel
Holdings
Withdrawn status Lost status Damaged status Not for loan Collection code Home library Current library Shelving location Date acquired Total Checkouts Full call number Barcode Date last seen Date last checked out Copy number Price effective from Koha item type Public note
        TBGEO Central Library and Information Centre Sibsagar Girls College Central Library and Information Centre Sibsagar Girls College GEOGRAPHY BOOK RACK 21.07.2000 4 910 AHM 16282 12.04.2025 02.04.2025 1 27.02.2020 Books V
        TBGEO Central Library and Information Centre Sibsagar Girls College Central Library and Information Centre Sibsagar Girls College Geography Rack 21.07.2000   910 AHM 16283 27.02.2020   2 27.02.2020 Books  


Sibsagar Girl's College © 2020. All rights reserved.
Powered by Koha.
Maintained by Abhijit Borpuzari.